000 00906nam a22001817a 4500
999 _c63913
_d63913
003 Ge_BSU
005 20260218174110.0
008 260218s1957 ge ||||| |||| 00| 0 geo d
041 _ageo
080 _a330(479.22)(049.32) ე-49
245 _aეკონომიკის ინსტიტუტის შრომები :
_bტ. 10 /
_cსაქართველოს სსრ მეცნიერებათა აკადემია; ეკონომიკის ინსტიტუტი; რედ. პ. გუგუშვილი.
264 _aთბილისი,
_bსაქ. სსრ მეცნ. აკად. გამ-ბა,
_c 1957.
300 _a387 გვ.;
_b26 სმ.
653 _aეკონომიკა
653 _aშრომები
700 _aგუგუშვილი, პ.
_eრედაქტორი
_918004
942 _2udc
_cᲬᲘᲒᲜᲘ